00687cam a2200193 a 4500001000800000005001700008008004100025040001800066082002200084100002600106245014600132260005700278300001700335650001300352650001600365942000600381952009300387999001300480189375820240212003520.0831220s1982 ce b b 000 0 eng  aDLCcDLCdDLC00a307.72219bTIL. 1 aHettiarachchy, Tilak,14aThe Sinhala peasant in a changing society :becological change among the Sinhala peasants from 1769 A.D. to 1909 A.D. /cTilak Hettiarachchy. aColombo, Sri Lanka :bLake House Investments,c1982. axi, 147 p. : 0aPeasants 0aAgriculture cL 001040708LaWERCLbWERCLd2024-02-12l0o307.72 TIL. p171r2024-02-12w2024-02-12yL c368d368